Sports Quiz

Random Sports or Basketball Quiz

1997 NBA 1st Round Draft Picks Quiz Stats

 Plays Quiz not verified by Sporcle

Also try: Sports Terms
Challenge
Share
Tweet
Embed
Score 0/28 Timer 13:00
0 Plays Today
Drafted/ Team Player % Correct
1st/ San Antonio SpursTim Duncan
100%
3rd/ Boston CelticsChauncey Billups
74.7%
2nd/ Philadelphia 76ersKeith Van Horn
73.6%
6th/ Boston CelticsRon Mercer
63.7%
9th/ Toronto RaptorsTracey McGrady
56%
4th/ Vancouver GrizzliesAntonio Daniels
45.1%
7th/ New Jersey NetsTim Thomas
44%
25th/ New York KnicksJohn Thomas
44%
5th/ Denver NuggetsTony Battie
38.5%
26th/ Miami HeatCharles Smith
37.4%
8th/ Golden State WarriorsAdonal Foyle
36.3%
13th/ Cleveland CavaliersDerek Anderson
36.3%
23th/ Seattle SupersonicsBobby Jackson
33%
12th/ Indiana PacersAustin Croshere
24.2%
Drafted/ Team Player % Correct
14th/ Los Angeles ClippersMaurice Taylor
24.2%
17th/ Orlando MagicJohnny Taylor
24.2%
11th/ Sacramento KingsTariq Abdul-Wahad
23.1%
16th/ Cleveland CavaliersBrevin Knight
23.1%
15th/ Dallas MavericksKelvin Cato
16.5%
10th/ Milwaukee BucksDanny Fortson
15.4%
21st/ New Jersey NetsAnthony Parker
12.1%
27th/ Utah JazzJacue Vaughn
12.1%
19th/ Detroit PistonsScot Pollard
11%
20th/ Minnesota TimberwolvesPaul Grant
11%
28th/ Chicago BullsKeith Booth
9.9%
22nd/ Atlanta HawksEd Gray
8.8%
18th/ Dallas MavericksChris Anstey
5.5%
24th/ Houston RocketsRodrick Rhodes
5.5%

You're not logged in!

Compare scores with friends on all Sporcle quizzes.
Join for Free
OR
Log In

You Might Also Like...

Show Comments

Extras

Top Quizzes Today


Score Distribution

Your Account Isn't Verified!

In order to create a playlist on Sporcle, you need to verify the email address you used during registration. Go to your Sporcle Settings to finish the process.

Report this User

Report this user for behavior that violates our Community Guidelines.

Details: